Keeping secrets /

Bibliographic Details
Main Author: Somers, Suzanne, 1946-
Format: Book
Language:English
Published: New York, N.Y. : Warner Books, [1988]

MARC

Tag First Indicator Second Indicator Subfields
LEADER 00000cam a22000008a 4500
001 in00000020081
005 20151007053820.0
008 870616s1988 nyuaf 00010aeng
010 |a  87040174  
020 |a 0446513954 
035 |a (OCoLC)16129485 
035 |9 AAB2916AM 
040 |a DLC  |c DLC  |d OCL  |d TXA  |d UtOrBLW 
049 |a TXAM  |c [A11108020] 
050 0 0 |a PS3569.O652  |b K4 1988 
082 0 |a 792/.028/0924  |a B  |2 19 
100 1 |a Somers, Suzanne,  |d 1946- 
245 1 0 |a Keeping secrets /  |c Suzanne Somers. 
263 |a 8801 
264 1 |a New York, N.Y. :  |b Warner Books,  |c [1988] 
264 4 |c ©1988 
300 |a 297 pages, 24 unnumbered pages of plates :  |b illustrations ;  |c 24 cm. 
336 |a text  |b txt  |2 rdacontent 
337 |a unmediated  |b n  |2 rdamedia 
338 |a volume  |b nc  |2 rdacarrier 
999 |a MARS 
999 f f |s 4709fc62-b05c-35da-8737-80f980c5757a  |i 5c88aa12-77cb-3732-bc17-f2651c87b623  |t 0 
952 f f |p ric  |a Texas A&M University  |b Rellis Campus  |c Joint Library Facility  |d Remote Storage  |t 0  |e PS3569.O652 K4 1988  |h Library of Congress classification  |i unmediated -- volume  |m A14811108020 
998 f f |a PS3569.O652 K4 1988  |t 0  |l Remote Storage